000 00556nam a2200169Ia 4500
008 130821s1973 fr gr fre
040 _aCo-BoUCM
_bspa
041 _afre
100 _aBruyere, Jean de La
_9155335
245 _aLes caractéres
_cJean de la Bruyére ; prefacio de Pierre Sipriot
260 _aParís (Francia)
_bLibrairie Générale Francaise
_c1973
300 _axxix, 475 páginas
490 _aLe Livre de Poche
650 0 4 _aLiteratura francesa
_97794
942 _cLIBRO
_a18
_e1
_mL11
_2DEWEY
_h840
999 _c5441
_d5441